The Fountain Head (Record no. 533421)
[ view plain ]
| 000 -LEADER | |
|---|---|
| fixed length control field | 00236nam a22001217a 4500 |
| 003 - CONTROL NUMBER IDENTIFIER | |
| control field | NUST |
| 038 ## - RECORD CONTENT LICENSOR | |
| Staff Name | MSOHAIL |
| 082 ## - DEWEY DECIMAL CLASSIFICATION NUMBER | |
| Classification number | 813.52 |
| 100 ## - MAIN ENTRY--PERSONAL NAME | |
| Personal name | Ayn Rand |
| 9 (RLIN) | 27295 |
| 245 ## - TITLE STATEMENT | |
| Title | The Fountain Head |
| 300 ## - PHYSICAL DESCRIPTION | |
| Extent | 704;p;xv |
| 942 ## - ADDED ENTRY ELEMENTS (KOHA) | |
| Source of classification or shelving scheme | |
| Koha item type | Book |
| Withdrawn status | Lost status | Source of classification or shelving scheme | Damaged status | Not for loan | Permanent Location | Current Location | Date acquired | Total Checkouts | Full call number | Barcode | Date last seen | Price effective from | Koha item type |
|---|---|---|---|---|---|---|---|---|---|---|---|---|---|
| School of Civil and Environmental Engineering (SCEE) | School of Civil and Environmental Engineering (SCEE) | 01/01/2020 | 813.52 | NIT-8999 | 01/01/2020 | 01/01/2020 | Book |
